Ілюстративний матеріал у лексикографічних роботах. (Запис № 284969)

МАРК-запис
000 -LEADER
fixed length control field 01342nam a22001577a 4500
041 ## - LANGUAGE CODE
Language code of text/sound track or separate title ukr
080 ## - UNIVERSAL DECIMAL CLASSIFICATION NUMBER
Universal Decimal Classification number 09
090 ## - LOCALLY ASSIGNED LC-TYPE CALL NUMBER (OCLC); LOCAL CALL NUMBER (OCLC)
Local cutter number (OCLC) ; Book number/undivided call number, CALL (RLIN) ОКУ
100 ## - MAIN ENTRY--PERSONAL NAME
Personal name Окуневська О.Г.
245 ## - TITLE STATEMENT
Title Ілюстративний матеріал у лексикографічних роботах.
260 ## - PUBLICATION, DISTRIBUTION, ETC. (IMPRINT)
Place of publication, distribution, etc Острог
Name of publisher, distributor, etc КАФ
Date of publication, distribution, etc 2012
300 ## - PHYSICAL DESCRIPTION
Extent 45
520 ## - SUMMARY, ETC.
Summary, etc Розділ 1. Ілюстративний матеріал у лексикографічних працях.<br/>1.1 Ілюстративний матеріал як допомога у сприйнятті тексту.<br/>1.2 Особливості представлення матеріалу лексикографічними працями.<br/>1.3 Ілюстративні вислови.<br/>1.3.1 Ілюстрації-малюнки.<br/>Розділ 2. Використання ілюстративного матеріалу в залежності від типу словника.<br/>2.1 Типологія словників.<br/>2.2 Зіставлення особливостей ілюстративного матеріалу у різних типах словників.<br/>2.3 Порівняльний аналіз паперової та електронної версії Longman Exams Dictionary.
-- лексикографія,словник
650 ## - SUBJECT ADDED ENTRY--TOPICAL TERM
Topical term or geographic name as entry element Research Papers
942 ## - ADDED ENTRY ELEMENTS (KOHA)
Koha item type Книги
Фонди
Withdrawn status Lost status Source of classification or shelving scheme Damaged status Not for loan Home library Current library Date acquired Source of acquisition Cost, normal purchase price Total Checkouts Full call number Barcode Date last seen Price effective from Koha item type
    Universal Decimal Classification     ВІЛ - Відділ іноземн. літератури НБ ВІЛ - Відділ іноземн. літератури НБ 18/09/2012 Акт №5 1.00   09 214991 10/11/2021 18/09/2012 Книги